Destiny Exotics (Primary) - Statistics

General Stats
  • This quiz has been taken 657 times
  • The average score is 7 of 12
Answer Stats
Auto Rifles % Correct
Thorn
87%
The Last Word
81%
MIDA Multi-Tool
80%
Suros Regime
79%
Bad Juju
78%
Red Death
78%
Hawkmoon
77%
Monte Carlo
64%
Hard Light
61%
Necrochasm
34%
Fate of All Fools
25%
Punk Prayer
5%
No matching quizzes found
Score Distribution
Percent of People with Each Score
Percentile by Number Answered
Your Score History
You have not taken this quiz